000 01136nam a2200301 4500
005 20180803170306.0
008 160525s2015 ck ad|||r|||| 00| 0 spa d
020 _a9789589365809
040 _aCO-BoIAVH
_cCO-BoIAVH
041 0 _aspa
044 _ack
082 0 4 _a577.38071
_bP98a4
100 1 _aPulido, Uriel Octavio
_eautor
245 1 4 _aLos aljibes de La Roca /
_cUriel Octavio Pulido [y otros 4]
260 _aBogotá :
_bTropenbos Internacional Colombia :
_bUICN Sur ;
_c2015.
300 _a43 páginas :
_bilustraciones a color y tablas ;
_c17 x 22 cm.
500 _aProyecto comunidades de los páramos, fortaleciendo las capacidades y la coordinación para la adaptación a los efectos del cambio climático.
650 1 4 _aAljibes
650 2 4 _aNacimiento agua
650 2 6 _aFauna
650 2 6 _aFlora
662 _aColombia
_bPáramo de Chingaza
700 1 _aPulido, José Albeiro
_eautor
700 1 _aGarcía, Fredy Yamith
_eautor
700 1 _aRaigoso, Eduar Mauricio
_eautor
700 1 _aRaigozo, Catalina
_eautora
942 _2ddc
_cLIBRO
999 _c18743
_d18743